[Event "interzonal (w)"]
[Site "Azov URS"]
[Date "1990.??.??"]
[Round "14"]
[White "Botsari, Anna-Maria"]
[Black "Burtman, Sharon"]
[Result "1-0"]
[WhiteElo "2205"]
[BlackElo "2045"]
[EventDate "1990.06.??"]
[PlyCount "109"]

1.d4 Nf6 2.c4 e6 3.Nc3 Bb4 4.Qc2 d5 5.cxd5 exd5 6.Bg5 h6 7.Bxf6 Qxf6 8.a3 
Bxc3+ 9.Qxc3 c6 10.e3 Bf5 11.Ne2 Nd7 12.Ng3 Bg6 13.Be2 O-O 14.O-O Rfe8 15.
b4 Rac8 16.Qd2 Be4 17.f3 Bg6 18.e4 dxe4 19.fxe4 Qg5 20.Qxg5 hxg5 21.Bc4 
Nf6 22.e5 Nd5 23.Nf5 Bxf5 24.Rxf5 Re7 25.Kf2 Rd8 26.Rd1 g4 27.Rd2 g6 28.
Rg5 Kg7 29.Rxg4 Nb6 30.Rc2 Nxc4 31.Rxc4 Rd5 32.Rc5 Rxc5 33.bxc5 b6 34.cxb6
axb6 35.Rg3 c5 36.Ke3 Ra7 37.Ke4 Ra4 38.Rd3 cxd4 39.Kd5 Kf8 40.Kc6 Ra5 41.
Kxb6 Rxe5 42.Rxd4 Re2 43.Rg4 Rb2+ 44.Kc5 Ra2 45.Kb4 Rb2+ 46.Kc3 Rb7 47.a4 
Ke7 48.Rd4 Rc7+ 49.Kb3 Rb7+ 50.Rb4 Ra7 51.Rb6 Kd7 52.Kb4 Kc7 53.a5 Kd7 54.
a6 Kc7 55.Kb5 1-0

[Event "interzonal (w)"]
[Site "Azov URS"]
[Date "1990.??.??"]
[Round "14"]
[White "Finegold, Gina"]
[Black "Arakhamia, Ketevan"]
[Result "1/2-1/2"]
[WhiteElo "2025"]
[BlackElo "2385"]
[EventDate "1990.06.??"]
[PlyCount "123"]

1.d4 g6 2.c4 Bg7 3.Nc3 d6 4.e4 e5 5.dxe5 dxe5 6.Qxd8+ Kxd8 7.Bg5+ f6 8.
O-O-O+ Nd7 9.Be3 c6 10.f4 Nh6 11.fxe5 Ng4 12.exf6 Bxf6 13.Kd2 Nxe3 14.Kxe3
Kc7 15.Nf3 Re8 16.Bd3 Nc5 17.Rhe1 Be6 18.e5 Bg4 19.Kf4 Bxf3 20.gxf3 Bh4 
21.Re2 g5+ 22.Kg4 Rf8 23.Bxh7 Rf4+ 24.Kh3 Rh8 25.Be4 g4+ 26.fxg4 Be1+ 27.
Kg2 Bxc3 28.Bf5 Rg8 29.Kh1 Bd4 30.e6 Kd6 31.b4 Ke7 32.bxc5 Bxc5 33.Rd7+ 
Kf6 34.Rf7+ Kg5 35.e7 Rf1+ 36.Kg2 Rg1+ 37.Kf3 Rf1+ 38.Ke4 Rd1 39.Rf8 Rxf8 
40.exf8=Q Bxf8 41.Rc2 b6 42.Kf3 Rd4 43.Kg2 a5 44.h3 a4 45.Be6 a3 46.Rf2 
Bc5 47.Re2 Rd3 48.Bf5 Rc3 49.Be4 Bd6 50.Bxc6 Rg3+ 51.Kf1 Rxh3 52.Bd7 Rh1+ 
53.Kg2 Rc1 54.Be6 Bc5 55.Kf3 Bd4 56.Ke4 Bb2 57.Kd5 Kf4 58.Kc6 Bd4 59.Kd5 
Be3 60.Bf5 Kf3 61.Rc2 Rxc2 62.Bxc2 1/2-1/2

[Event "interzonal (w)"]
[Site "Azov URS"]
[Date "1990.??.??"]
[Round "14"]
[White "Galliamova, Alisa"]
[Black "Voiska, Margarita"]
[Result "1-0"]
[WhiteElo "2365"]
[BlackElo "2335"]
[EventDate "1990.06.??"]
[PlyCount "61"]

1.Nf3 Nf6 2.c4 g6 3.Nc3 Bg7 4.e4 d6 5.d4 O-O 6.Be2 e5 7.O-O Nbd7 8.Be3 c6 
9.d5 c5 10.a3 h6 11.Ne1 Ne8 12.Qd2 Kh7 13.Nd3 Ndf6 14.h3 Ng8 15.f4 exf4 
16.Bxf4 Ne7 17.Rae1 b6 18.Bf3 g5 19.Bh2 Bd4+ 20.Kh1 f6 21.e5 Ba6 22.exd6 
Nxd6 23.b3 Nef5 24.Ne4 Kh8 25.Nxd6 Nxd6 26.Nb4 cxb4 27.Qxd4 bxa3 28.Bh5 
Bc8 29.Rxf6 Rxf6 30.Be5 Kg7 31.Bxf6+ 1-0

[Event "interzonal (w)"]
[Site "Azov URS"]
[Date "1990.??.??"]
[Round "14"]
[White "Kachiani, Ketino"]
[Black "Salazar Varon, Adriana"]
[Result "1-0"]
[WhiteElo "2365"]
[BlackElo "2115"]
[EventDate "1990.06.??"]
[PlyCount "61"]

1.d4 Nf6 2.c4 g6 3.Nc3 Bg7 4.e4 d6 5.h3 O-O 6.Nf3 e5 7.d5 Nbd7 8.Be3 Nc5 
9.Nd2 a5 10.g4 c6 11.Be2 cxd5 12.cxd5 Bd7 13.a4 Ne8 14.h4 f5 15.h5 f4 16.
Bxc5 dxc5 17.hxg6 hxg6 18.f3 Bf6 19.Nc4 Rb8 20.Qb3 Kg7 21.O-O-O b5 22.axb5
Nc7 23.Na3 Na6 24.Kb1 Nb4 25.Na4 Qc7 26.d6 Qc8 27.Qc3 Qe8 28.Bc4 Be6 29.
Nxc5 Bxc4 30.Qxc4 Qf7 31.Ne6+ 1-0

[Event "interzonal (w)"]
[Site "Azov URS"]
[Date "1990.??.??"]
[Round "14"]
[White "Basagic, Vesna"]
[Black "Madl, Ildiko"]
[Result "1/2-1/2"]
[WhiteElo "2270"]
[BlackElo "2390"]
[EventDate "1990.06.??"]
[PlyCount "82"]

1.d4 Nf6 2.c4 e6 3.Nc3 Bb4 4.Bg5 c5 5.d5 exd5 6.cxd5 d6 7.e3 Nbd7 8.Bb5 h6
9.Bh4 g5 10.Bg3 Qa5 11.Bxd7+ Bxd7 12.Ne2 Bb5 13.a3 Bxc3+ 14.Nxc3 Ne4 15.
Qc2 Nxc3 16.Qxc3 Qxc3+ 17.bxc3 Kd7 18.Rb1 Ba6 19.Kd2 Rae8 20.c4 Re4 21.
Rhc1 b6 22.Kd3 Rhe8 23.h3 f5 24.Bh2 f4 25.Bg1 fxe3 26.fxe3 b5 27.cxb5 Bb7 
28.b6 a6 29.Rf1 Bxd5 30.Rf6 Ra4 31.Kd2 Rxa3 32.b7 Ra2+ 33.Kc3 Ra3+ 34.Kd2 
Rb8 35.Rxd6+ Kxd6 36.Bh2+ Kc6 37.Bxb8 Rb3 38.Rxb3 Bxb3 39.Bd6 Kxb7 40.Bxc5
Bd5 41.Bf8 h5 1/2-1/2

[Event "interzonal (w)"]
[Site "Azov URS"]
[Date "1990.??.??"]
[Round "14"]
[White "Peng Zhaoqin"]
[Black "Brustman, Agnieszka"]
[Result "1/2-1/2"]
[WhiteElo "2305"]
[BlackElo "2325"]
[EventDate "1990.06.??"]
[PlyCount "80"]

1.d4 Nf6 2.c4 g6 3.Nc3 Bg7 4.e4 d6 5.Nf3 O-O 6.Be3 e5 7.dxe5 dxe5 8.Qxd8 
Rxd8 9.Nd5 Rd7 10.Nxf6+ Bxf6 11.c5 Nc6 12.Bb5 Rd8 13.Bxc6 bxc6 14.Nd2 Be6 
15.b3 a5 16.O-O-O a4 17.Kc2 Be7 18.Ra1 f5 19.f3 Rdb8 20.Kc3 g5 21.Rhd1 g4 
22.Nc4 f4 23.Bf2 Bf6 24.b4 Bxc4 25.Kxc4 gxf3 26.gxf3 Rd8 27.Be1 Rab8 28.
Bc3 Kf7 29.a3 Ke6 30.Rab1 h5 31.Rg1 Rg8 32.Rbd1 Rxg1 33.Rxg1 Kf7 34.Be1 
Rd8 35.Bc3 Rb8 36.Rg2 Rb7 37.Rd2 Ke6 38.Rg2 Kf7 39.Rb2 Rb5 40.Rb1 Ke6 
1/2-1/2

[Event "interzonal (w)"]
[Site "Azov URS"]
[Date "1990.??.??"]
[Round "14"]
[White "Prudnikova, Svetlana"]
[Black "Klimova-Richtrova, Eliska"]
[Result "0-1"]
[WhiteElo "2265"]
[BlackElo "2355"]
[EventDate "1990.06.??"]
[PlyCount "72"]

1.d4 Nf6 2.c4 g6 3.Nc3 Bg7 4.e4 d6 5.f3 O-O 6.Be3 c5 7.Nge2 Nc6 8.Qd2 b6 
9.d5 Ne5 10.Ng3 h5 11.Be2 Re8 12.O-O e6 13.Bg5 exd5 14.cxd5 h4 15.Nh1 h3 
16.g3 Rb8 17.a4 a6 18.Rab1 Qc7 19.Be3 c4 20.Bd4 b5 21.axb5 axb5 22.b4 Bd7 
23.Nf2 Qb7 24.Ra1 Ra8 25.Rxa8 Rxa8 26.f4 Neg4 27.e5 dxe5 28.fxe5 Bh6 29.
Qe1 Be3 30.Bxe3 Nxe3 31.exf6 Qb6 32.Qd2 Nxf1 33.Bxf1 Qxf6 34.Nxh3 Bxh3 35.
Bxh3 Ra1+ 36.Nd1 Qf3 0-1

[Event "interzonal (w)"]
[Site "Azov URS"]
[Date "1990.??.??"]
[Round "15"]
[White "Arakhamia, Ketevan"]
[Black "Peng Zhaoqin"]
[Result "1-0"]
[WhiteElo "2385"]
[BlackElo "2305"]
[EventDate "1990.06.??"]
[PlyCount "71"]

1.e4 e6 2.d4 d5 3.Nc3 Bb4 4.e5 c5 5.a3 Bxc3+ 6.bxc3 Ne7 7.Qg4 Kf8 8.Qd1 
Qc7 9.Nf3 b6 10.a4 Ba6 11.Bb5 Bxb5 12.axb5 a5 13.bxa6 Rxa6 14.Rxa6 Nxa6 
15.O-O h6 16.Qe2 Nb8 17.c4 Kg8 18.cxd5 Nxd5 19.c4 Nc3 20.Qd3 cxd4 21.Nxd4 
Na4 22.f4 Nc5 23.Qg3 Nbd7 24.Nb5 Qc6 25.Nd6 Ne4 26.Qf3 f5 27.exf6 Ndxf6 
28.Ba3 Kh7 29.g4 Qa8 30.Nf7 Re8 31.g5 Ng8 32.h4 Ne7 33.Bxe7 Rxe7 34.Nd6 b5
35.Nxe4 bxc4 36.Nf6+ 1-0

[Event "interzonal (w)"]
[Site "Azov URS"]
[Date "1990.??.??"]
[Round "15"]
[White "Brustman, Agnieszka"]
[Black "Basagic, Vesna"]
[Result "1/2-1/2"]
[WhiteElo "2325"]
[BlackElo "2270"]
[EventDate "1990.06.??"]
[PlyCount "82"]

1.e4 e5 2.Nf3 Nc6 3.Bb5 a6 4.Ba4 Nf6 5.O-O Bc5 6.c3 Bb6 7.d4 Nxe4 8.Qe2 f5
9.dxe5 O-O 10.Be3 Bxe3 11.Qxe3 d5 12.exd6 Qxd6 13.Rd1 Qg6 14.Nbd2 Nxd2 15.
Rxd2 f4 16.Qc5 Bh3 17.Qg5 Ne5 18.Qxg6 Nxf3+ 19.gxf3 hxg6 20.Bd7 Rad8 21.
Rad1 Bxd7 22.Rxd7 Rxd7 23.Rxd7 Rf7 24.Rd8+ Rf8 25.Rd4 c5 26.Rd2 Rf5 27.Kg2
b5 28.Kh3 Re5 29.Kg4 g5 30.Rd8+ Kh7 31.Ra8 Re2 32.Rxa6 Rxb2 33.Rb6 b4 34.
cxb4 cxb4 35.Kxg5 Rxa2 36.Rxb4 Rxf2 37.Rxf4 Rxh2 38.Rh4+ Rxh4 39.Kxh4 Kh6 
40.Kg4 g5 41.f4 gxf4 1/2-1/2

[Event "interzonal (w)"]
[Site "Azov URS"]
[Date "1990.??.??"]
[Round "15"]
[White "Burtman, Sharon"]
[Black "Prudnikova, Svetlana"]
[Result "0-1"]
[WhiteElo "2045"]
[BlackElo "2265"]
[EventDate "1990.06.??"]
[PlyCount "136"]

1.d4 Nf6 2.c4 e6 3.Nc3 Bb4 4.f3 c5 5.d5 Nh5 6.g3 f5 7.e4 Bxc3+ 8.bxc3 f4 
9.Kf2 e5 10.Kg2 d6 11.g4 Nf6 12.h4 O-O 13.Bd3 Nbd7 14.Qe1 Qa5 15.Nh3 Re8 
16.Bd2 Nf8 17.Nf2 Bd7 18.h5 Rec8 19.g5 Ne8 20.Ng4 b5 21.Qh4 Rab8 22.g6 
Bxg4 23.gxh7+ Nxh7 24.Qxg4 bxc4 25.Bxc4 Qd8 26.Ba6 Rc7 27.Rab1 Kf8 28.c4 
Rf7 29.Kf2 Nhf6 30.Qg1 Ng8 31.Qe1 Nc7 32.Ba5 Qe8 33.Bb7 Qa4 34.Qd2 Qxc4 
35.Bxc7 Rxc7 36.Ba6 Rxb1 37.Bxc4 Rxh1 38.Kg2 Rxh5 39.Qa5 Rb7 40.Bb5 Nf6 
41.Qd8+ Kf7 42.a4 Rg5+ 43.Kf2 Rg6 44.Ke1 Re7 45.Kf2 Rh6 46.Kg2 Nh7 47.Qc8 
Nf8 48.a5 g5 49.Qd8 Rg6 50.a6 g4 51.fxg4 Rxg4+ 52.Kf2 Rg6 53.Bc6 Nh7 54.
Bd7 Ng5 55.Bf5 Rf6 56.Qh8 Rxf5 57.exf5 Ne4+ 58.Ke1 Nf6 59.Qh4 Re8 60.Qh1 
Rg8 61.Kf1 c4 62.Ke1 e4 63.Qh2 Rg3 64.Qh8 Rg1+ 65.Kd2 e3+ 66.Ke2 Rg2+ 67.
Kd1 e2+ 68.Ke1 f3 0-1

[Event "interzonal (w)"]
[Site "Azov URS"]
[Date "1990.??.??"]
[Round "15"]
[White "Chelushkina, Irina"]
[Black "Battsetseg, Tsagaan"]
[Result "1/2-1/2"]
[WhiteElo "2315"]
[BlackElo "2230"]
[EventDate "1990.06.??"]
[PlyCount "224"]

1.c4 e5 2.g3 g6 3.Bg2 Bg7 4.Nc3 Ne7 5.d3 O-O 6.e4 d6 7.Nge2 c5 8.O-O Nbc6 
9.Rb1 Bd7 10.a3 Nd4 11.b4 b6 12.Nxd4 cxd4 13.Ne2 Rc8 14.b5 Bg4 15.f3 Be6 
16.Bd2 Qd7 17.a4 f5 18.a5 fxe4 19.fxe4 Rxf1+ 20.Qxf1 Rf8 21.Qe1 Bg4 22.Kh1
Kh8 23.Ng1 Ng8 24.h3 Be6 25.Kh2 Nf6 26.axb6 axb6 27.Ra1 h6 28.Ra6 Rb8 29.
Qc1 Kh7 30.Qa3 Bf8 31.Bb4 Rb7 32.Ra8 Be7 33.Nf3 Ne8 34.Ne1 Nc7 35.Ra4 Bf7 
36.Ra7 Ne8 37.Rxb7 Qxb7 38.Nc2 Be6 39.Qa1 Bc8 40.Bd2 Qc7 41.Nb4 Bb7 42.Qc1
Bf8 43.Qf1 Kg8 44.h4 Qf7 45.Qe1 Nc7 46.Qe2 Ne6 47.Bh3 Nc5 48.Kg1 Qe8 49.h5
gxh5 50.Bf5 Ne6 51.Bxe6+ Qxe6 52.Qxh5 Kg7 53.Nc6 Bc8 54.Nb4 Bb7 55.Qh4 Qf6
56.Qh3 Qg6 57.Nc6 Bc8 58.Qh4 Qf6 59.Qh5 Qg6 60.Qh2 h5 61.Qh4 Qg4 62.Qg5+ 
Kf7 63.Qxg4 Bxg4 64.Bg5 Be2 65.c5 dxc5 66.Kf2 Bd1 67.Nxe5+ Ke6 68.Nc4 Ba4 
69.Na3 c4 70.Nxc4 Bxb5 71.Ke2 Bc5 72.Bd8 Bxc4 73.dxc4 Ke5 74.Kd3 Ke6 75.
Bc7 Kd7 76.Be5 Ke6 77.Bxd4 Bd6 78.Bf2 Bc7 79.Ke3 Bd8 80.Kf3 Ke5 81.Be3 Ke6
82.Bd4 Bc7 83.Bb2 Bd6 84.Bc1 Bc7 85.Bf4 Bd8 86.Bb8 Kd7 87.Be5 Kc6 88.Bd4 
b5 89.cxb5+ Kxb5 90.e5 Kc6 91.Ke4 Kd7 92.Kf5 Be7 93.e6+ Ke8 94.Bf6 Bd6 95.
Bh4 Bc7 96.Ke4 Bd6 97.Kf3 Be5 98.Bg5 Bd6 99.Bf4 Bc5 100.Ke4 Bb6 101.Bd6 
Bf2 102.Kf3 Bb6 103.Kg2 Ba5 104.Kh3 Bb6 105.Kh4 Bf2 106.Kg5 Be1 107.Kh4 
Bf2 108.Bb4 Kd8 109.Ba3 Ke8 110.Bd6 Be1 111.Kg5 Bf2 112.Kf4 h4 1/2-1/2

[Event "interzonal (w)"]
[Site "Azov URS"]
[Date "1990.??.??"]
[Round "15"]
[White "Madl, Ildiko"]
[Black "Botsari, Anna-Maria"]
[Result "0-1"]
[WhiteElo "2390"]
[BlackElo "2205"]
[EventDate "1990.06.??"]
[PlyCount "56"]

1.e4 e5 2.Nf3 Nc6 3.Bb5 Nd4 4.Nxd4 exd4 5.Bc4 Nf6 6.O-O Nxe4 7.Bxf7+ Kxf7 
8.Qh5+ g6 9.Qd5+ Kg7 10.Qxe4 Qf6 11.d3 c6 12.Bf4 d6 13.Nd2 Bf5 14.Qf3 g5 
15.Qg3 Kh6 16.Ne4 Bxe4 17.Bd2 Bf5 18.h4 Kg7 19.Bxg5 Qg6 20.Qf4 h6 21.Qxd4+
Kh7 22.Bf6 Rg8 23.g3 c5 24.Qc3 Qf7 25.h5 Bg4 26.Rfe1 Bf3 27.Bh4 Bg7 28.Qa5
Qf5 0-1

[Event "interzonal (w)"]
[Site "Azov URS"]
[Date "1990.??.??"]
[Round "15"]
[White "Klimova-Richtrova, Eliska"]
[Black "Kachiani, Ketino"]
[Result "1/2-1/2"]
[WhiteElo "2355"]
[BlackElo "2365"]
[EventDate "1990.06.??"]
[PlyCount "37"]

1.d4 Nf6 2.c4 e6 3.Nf3 Bb4+ 4.Bd2 a5 5.g3 d5 6.Qc2 Nc6 7.Bg2 dxc4 8.Qxc4 
Qd5 9.Qxd5 exd5 10.O-O Bg4 11.Be3 a4 12.h3 Bxf3 13.Bxf3 Ne4 14.Rd1 f5 15.
Bd2 Bxd2 16.Nxd2 Ne7 17.e3 O-O 18.Rac1 c6 19.Bg2 1/2-1/2

[Event "interzonal (w)"]
[Site "Azov URS"]
[Date "1990.??.??"]
[Round "15"]
[White "Salazar Varon, Adriana"]
[Black "Galliamova, Alisa"]
[Result "0-1"]
[WhiteElo "2115"]
[BlackElo "2365"]
[EventDate "1990.06.??"]
[PlyCount "88"]

1.e4 c5 2.Nc3 e6 3.g3 d5 4.exd5 exd5 5.Bg2 Nf6 6.Nge2 d4 7.Ne4 Nxe4 8.Bxe4
Nd7 9.d3 Nf6 10.Bg2 Bd6 11.O-O O-O 12.Bf4 Bg4 13.Bxd6 Qxd6 14.h3 Bd7 15.
Nf4 Rae8 16.Qd2 Bc6 17.Rae1 Nd7 18.Rxe8 Rxe8 19.Re1 Ne5 20.Qd1 g5 21.Nh5 
Kf8 22.Kf1 Bxg2+ 23.Kxg2 Qc6+ 24.f3 g4 25.hxg4 Nxg4 26.Rxe8+ Kxe8 27.Qe2+ 
Ne3+ 28.Kf2 Qh6 29.g4 f5 30.c3 Kf7 31.cxd4 cxd4 32.Kg1 Qg5 33.Ng3 fxg4 34.
Ne4 Qf4 35.fxg4 Nxg4 36.Qf1 Qxf1+ 37.Kxf1 Ne5 38.Nd6+ Ke6 39.Nxb7 Nxd3 40.
b3 Nc1 41.Ke1 Nxa2 42.Kd2 Kd5 43.Nd8 Nc3 44.Nf7 Ne4+ 0-1

[Event "interzonal (w)"]
[Site "Azov URS"]
[Date "1990.??.??"]
[Round "15"]
[White "Uskova, Fliura"]
[Black "Finegold, Gina"]
[Result "1-0"]
[WhiteElo "2290"]
[BlackElo "2025"]
[EventDate "1990.06.??"]
[PlyCount "91"]

1.e4 e5 2.Bc4 Bc5 3.Nf3 Nc6 4.d3 Nf6 5.Nc3 d6 6.Bg5 h6 7.Bxf6 Qxf6 8.Nd5 
Qd8 9.c3 a6 10.d4 Ba7 11.dxe5 dxe5 12.Qe2 Bc5 13.Rd1 Bd6 14.O-O Bg4 15.Ne3
Bxf3 16.Qxf3 O-O 17.Bd5 Qg5 18.g3 Rad8 19.h4 Qf6 20.Qxf6 gxf6 21.Nf5 Kh7 
22.Bxc6 bxc6 23.Rd2 Rg8 24.Kg2 Rg4 25.Kf3 h5 26.Rfd1 Rb8 27.b3 a5 28.Nxd6 
cxd6 29.Rxd6 a4 30.Rxc6 axb3 31.axb3 Rxb3 32.Rd7 Rg7 33.Kg2 Ra3 34.Rxf6 
Rxc3 35.Rfxf7 Rxf7 36.Rxf7+ Kg6 37.Rf5 Rc5 38.Kh3 Rc2 39.g4 hxg4+ 40.Kxg4 
Kh6 41.h5 Rb2 42.Rf6+ Kg7 43.Rf5 Kh6 44.f3 Rg2+ 45.Kh3 Rg5 46.Kh4 1-0

[Event "interzonal (w)"]
[Site "Azov URS"]
[Date "1990.??.??"]
[Round "15"]
[White "Voiska, Margarita"]
[Black "Amura, Claudia"]
[Result "0-1"]
[WhiteElo "2335"]
[BlackElo "2285"]
[EventDate "1990.06.??"]
[PlyCount "93"]

1.c4 Nf6 2.Nc3 e6 3.d4 d5 4.cxd5 exd5 5.Bg5 c6 6.e3 Be7 7.Bd3 Ne4 8.Bf4 
Nd6 9.Qc2 g6 10.Be5 O-O 11.Nf3 Bf5 12.Bxf5 Nxf5 13.O-O Nd7 14.Bf4 Re8 15.
Rab1 Bd6 16.Bxd6 Nxd6 17.Nd2 Nb6 18.Ne2 Nbc4 19.Nxc4 Nxc4 20.Qc3 Qf6 21.
Nf4 Re7 22.Nd3 Rae8 23.b3 Nd6 24.a4 a6 25.Qc2 Qg5 26.Qd1 Nf5 27.Qf3 Re4 
28.g3 h5 29.Nc5 Rg4 30.Nd7 Kg7 31.Ne5 Re4 32.Qd1 h4 33.g4 f6 34.f4 Qh6 35.
gxf5 fxe5 36.f6+ Kxf6 37.dxe5+ Kg7 38.Qf3 Rf8 39.Qh3 Rf5 40.Rbd1 Qh5 41.
Rd4 Qe2 42.Rxe4 dxe4 43.Kh1 Rf8 44.Rg1 Rd8 45.f5 Rd1 46.f6+ Kf7 47.e6+ 0-1

[Event "interzonal (w)"]
[Site "Azov URS"]
[Date "1990.??.??"]
[Round "16"]
[White "Botsari, Anna-Maria"]
[Black "Brustman, Agnieszka"]
[Result "0-1"]
[WhiteElo "2205"]
[BlackElo "2325"]
[EventDate "1990.06.??"]
[PlyCount "72"]

1.d4 Nf6 2.c4 g6 3.Nc3 Bg7 4.e4 d6 5.f3 O-O 6.Bg5 c5 7.d5 e6 8.Qd2 exd5 9.
cxd5 h6 10.Be3 Nh7 11.Nge2 Nd7 12.Nc1 a6 13.a4 Ne5 14.Be2 f5 15.O-O g5 16.
exf5 Bxf5 17.a5 Qe7 18.Ra3 Rae8 19.Nd1 Nf6 20.Bf2 Bg6 21.Re1 Qf7 22.Ne3 
Ne4 23.Qd1 Nxf2 24.Kxf2 g4 25.Ra4 gxf3 26.gxf3 Bh5 27.f4 Bxe2 28.Nxe2 Qh5 
29.Ng3 Qxh2+ 30.Ng2 c4 31.Rxc4 Nxc4 32.Rxe8 Rxe8 33.Qa4 Bd4+ 34.Kf3 Nd2+ 
35.Kg4 h5+ 36.Kf5 Qh3+ 0-1

[Event "interzonal (w)"]
[Site "Azov URS"]
[Date "1990.??.??"]
[Round "16"]
[White "Finegold, Gina"]
[Black "Chelushkina, Irina"]
[Result "0-1"]
[WhiteElo "2025"]
[BlackElo "2315"]
[EventDate "1990.06.??"]
[PlyCount "88"]

1.d4 Nf6 2.c4 e6 3.Nc3 c5 4.d5 exd5 5.cxd5 d6 6.e4 g6 7.f4 Bg7 8.Bb5+ Nfd7
9.a4 O-O 10.Nf3 Na6 11.O-O Nb4 12.a5 a6 13.Bc4 b5 14.axb6 Nxb6 15.Be2 f5 
16.e5 Re8 17.Qb3 Bb7 18.Bc4 h6 19.e6 Kh7 20.Rd1 a5 21.Na4 Nxc4 22.Qxc4 Ba6
23.Qb3 c4 24.Qa3 Nc2 25.Qa2 Qc7 26.Rb1 Bb7 27.Nc3 Qb6+ 28.Kh1 Rac8 29.Qa4 
Nb4 30.Qb5 Qa7 31.Ra1 Nd3 32.Rxd3 cxd3 33.Rxa5 Qf2 34.Qxd3 Ra8 35.Ra3 Rxa3
36.bxa3 Qc5 37.Bb2 Rc8 38.e7 Re8 39.Na4 Qxd5 40.Qxd5 Bxd5 41.Bxg7 Kxg7 42.
Nb6 Bxf3 43.gxf3 Rxe7 44.a4 Re2 0-1

[Event "interzonal (w)"]
[Site "Azov URS"]
[Date "1990.??.??"]
[Round "16"]
[White "Galliamova, Alisa"]
[Black "Klimova-Richtrova, Eliska"]
[Result "1/2-1/2"]
[WhiteElo "2365"]
[BlackElo "2355"]
[EventDate "1990.06.??"]
[PlyCount "27"]

1.Nf3 d5 2.c4 c6 3.e3 Nf6 4.d4 Bf5 5.cxd5 cxd5 6.Nc3 Nc6 7.Qb3 Bc8 8.Ne5 
e6 9.Bb5 Bd7 10.Bxc6 Bxc6 11.Bd2 Qb6 12.O-O Nd7 13.Nxd7 Qxb3 14.axb3 
1/2-1/2

[Event "interzonal (w)"]
[Site "Azov URS"]
[Date "1990.??.??"]
[Round "16"]
[White "Kachiani, Ketino"]
[Black "Burtman, Sharon"]
[Result "1-0"]
[WhiteElo "2365"]
[BlackElo "2045"]
[EventDate "1990.06.??"]
[PlyCount "63"]

1.d4 Nf6 2.c4 e6 3.g3 d5 4.Bg2 dxc4 5.Nf3 a6 6.O-O Nc6 7.Nc3 Bd6 8.e4 Be7 
9.Qa4 Bd7 10.Qxc4 O-O 11.Rd1 b5 12.Qe2 b4 13.Na4 Na5 14.Nc5 Bb5 15.Qc2 Rb8
16.Ne5 Qe8 17.Bd2 b3 18.axb3 Bxc5 19.dxc5 Nc6 20.Nxc6 Qxc6 21.b4 e5 22.Bc3
Rfe8 23.Rd2 Ra8 24.Rad1 Ba4 25.b3 Bb5 26.h3 Qe6 27.Qb2 h6 28.f4 Nd7 29.Kh2
f6 30.f5 Qe7 31.Bf1 Bxf1 32.Rxd7 1-0

[Event "interzonal (w)"]
[Site "Azov URS"]
[Date "1990.??.??"]
[Round "16"]
[White "Basagic, Vesna"]
[Black "Arakhamia, Ketevan"]
[Result "1-0"]
[WhiteElo "2270"]
[BlackElo "2385"]
[EventDate "1990.06.??"]
[PlyCount "65"]

1.d4 Nf6 2.c4 g6 3.Nc3 Bg7 4.e4 d6 5.Bd3 O-O 6.Nge2 c5 7.d5 e6 8.O-O exd5 
9.cxd5 Na6 10.h3 Nd7 11.Ng3 Nc7 12.a4 b6 13.f4 a6 14.e5 dxe5 15.f5 Ne8 16.
Nge4 Ndf6 17.Nxf6+ Nxf6 18.Bg5 Qd7 19.Qc2 Bb7 20.Rad1 Kh8 21.Qf2 e4 22.Qh4
exd3 23.Bxf6 Rae8 24.Bxg7+ Kxg7 25.f6+ Kh8 26.Rxd3 Re5 27.Re1 Qf5 28.Rf3 
Qh5 29.Qg3 Rxe1+ 30.Qxe1 Bxd5 31.Qe7 Kg8 32.Rd3 Bc6 33.Rd8 1-0

[Event "interzonal (w)"]
[Site "Azov URS"]
[Date "1990.??.??"]
[Round "16"]
[White "Peng Zhaoqin"]
[Black "Uskova, Fliura"]
[Result "0-1"]
[WhiteElo "2305"]
[BlackElo "2290"]
[EventDate "1990.06.??"]
[PlyCount "84"]

1.d4 Nf6 2.c4 e6 3.Nf3 c5 4.Nc3 cxd4 5.Nxd4 a6 6.g3 Qc7 7.e4 Bb4 8.Qd3 O-O
9.Bg5 Nc6 10.Nxc6 dxc6 11.Bxf6 gxf6 12.Bg2 f5 13.O-O fxe4 14.Nxe4 f5 15.
Ng5 Bc5 16.Nf3 e5 17.Qd2 Qg7 18.Rad1 e4 19.Ne1 Be6 20.Qe2 Rae8 21.b3 f4 
22.Qh5 Bxf2+ 23.Rxf2 Bg4 24.Qh4 Bxd1 25.Rxf4 Rxf4 26.Qxf4 Qg4 27.Qh6 e3 
28.Bh3 Qd4 29.Bf5 Qg7 30.Qd6 Bg4 31.Bd3 Qf7 32.Qf4 Qxf4 33.gxf4 Rf8 34.Ng2
e2 35.Kf2 Rd8 36.Ne1 Kg7 37.Kg3 Bh5 38.Kf2 h6 39.Ke3 Kf6 40.c5 Re8+ 41.Kf2
Rd8 42.b4 Rd4 0-1

[Event "interzonal (w)"]
[Site "Azov URS"]
[Date "1990.??.??"]
[Round "16"]
[White "Prudnikova, Svetlana"]
[Black "Madl, Ildiko"]
[Result "1/2-1/2"]
[WhiteElo "2265"]
[BlackElo "2390"]
[EventDate "1990.06.??"]
[PlyCount "72"]

1.d4 Nf6 2.c4 e6 3.Nc3 Bb4 4.e3 Nc6 5.Ne2 d5 6.a3 Be7 7.cxd5 exd5 8.Nf4 
Bf5 9.Be2 Qd7 10.Bf3 Be4 11.Bxe4 dxe4 12.Qc2 Bd6 13.Nfe2 Qe7 14.Ng3 Bxg3 
15.fxg3 O-O 16.O-O Qe6 17.Bd2 Ne7 18.b4 Ned5 19.b5 Nxc3 20.Qxc3 Nd5 21.Qb3
Rad8 22.Rfc1 Rfe8 23.a4 Rd6 24.Bb4 Rd7 25.a5 h5 26.a6 b6 27.Rc6 Qf5 28.Rf1
Qg5 29.Bd2 g6 30.Rf2 Kg7 31.Kf1 Rf8 32.Ke2 Qg4+ 33.Ke1 Rfd8 34.Qc2 Re8 35.
Qc4 Red8 36.Qc2 Re8 1/2-1/2

[Event "interzonal (w)"]
[Site "Azov URS"]
[Date "1990.??.??"]
[Round "16"]
[White "Voiska, Margarita"]
[Black "Salazar Varon, Adriana"]
[Result "1-0"]
[WhiteElo "2335"]
[BlackElo "2115"]
[EventDate "1990.06.??"]
[PlyCount "67"]

1.c4 Nf6 2.Nc3 g6 3.g3 Bg7 4.Bg2 e5 5.Nf3 d6 6.d4 Nbd7 7.O-O O-O 8.Qc2 
exd4 9.Nxd4 Nb6 10.Rd1 Nxc4 11.Ncb5 a6 12.Qxc4 axb5 13.Nxb5 Bd7 14.Nc3 Qc8
15.Bg5 Re8 16.Qf4 Ra5 17.e4 Ng4 18.Nd5 Rxd5 19.exd5 f6 20.Bh4 g5 21.Bxg5 
fxg5 22.Qxg5 Rf8 23.Re1 Kh8 24.Re2 Bb5 25.Re7 Rg8 26.Bh3 Ne5 27.Qh5 Bd7 
28.Bxd7 Nxd7 29.Rae1 Nf6 30.Qg5 Qf8 31.Rxc7 Bh6 32.Qf5 Rg5 33.Qe6 Rxd5 34.
Rc8 1-0

[Event "interzonal (w)"]
[Site "Azov URS"]
[Date "1990.??.??"]
[Round "17"]
[White "Arakhamia, Ketevan"]
[Black "Botsari, Anna-Maria"]
[Result "1-0"]
[WhiteElo "2385"]
[BlackElo "2205"]
[EventDate "1990.06.??"]
[PlyCount "35"]

1.e4 e5 2.Nf3 Nc6 3.Bb5 f5 4.Nc3 fxe4 5.Nxe4 Nf6 6.Nxf6+ Qxf6 7.O-O Nd4 8.
Nxd4 exd4 9.Re1+ Be7 10.Qe2 c6 11.Bd3 d6 12.b3 O-O 13.Bb2 Bd7 14.Qe4 Qxf2+
15.Kh1 Rf4 16.Qxh7+ Kf7 17.Rf1 Qxd2 18.Rxf4+ 1-0

[Event "interzonal (w)"]
[Site "Azov URS"]
[Date "1990.??.??"]
[Round "17"]
[White "Battsetseg, Tsagaan"]
[Black "Finegold, Gina"]
[Result "1-0"]
[WhiteElo "2230"]
[BlackElo "2025"]
[EventDate "1990.06.??"]
[PlyCount "105"]

1.e4 c6 2.d4 d5 3.exd5 cxd5 4.c4 Nf6 5.Nc3 Be6 6.Nf3 dxc4 7.Qa4+ Bd7 8.
Qxc4 e6 9.Bg5 Be7 10.Rd1 O-O 11.Bd3 Bc6 12.Bxf6 Bxf6 13.Ne4 Nd7 14.O-O Rc8
15.Qb4 h6 16.Qd2 Bd5 17.Bb1 b5 18.Rfe1 Qb6 19.Qf4 Be7 20.Ne5 Rc7 21.Re3 
Nf6 22.Rg3 Nxe4 23.Qxh6 Bg5 24.Rxg5 Nxg5 25.Qxg5 f6 26.Qh5 g5 27.Ng4 Rg7 
28.Nh6+ Kh8 29.Nf7+ Kg8 30.Nh6+ Kh8 31.Bg6 Rxg6 32.Qxg6 Qb7 33.Ng4 Qg7 34.
Qc2 Qb7 35.Qg6 Qg7 36.Qh5+ Qh7 37.Qxh7+ Kxh7 38.b3 f5 39.Ne3 Rc8 40.Kf1 
Bb7 41.d5 exd5 42.Nxd5 f4 43.Nxf4 Be4 44.Ne6 Kg6 45.f3 Bf5 46.Nd4 Bd7 47.
Ne2 Rc7 48.Rd6+ Kf7 49.Nd4 g4 50.fxg4 Bxg4 51.Nxb5 Rc2 52.a4 Be2+ 53.Kg1 
1-0

[Event "interzonal (w)"]
[Site "Azov URS"]
[Date "1990.??.??"]
[Round "17"]
[White "Brustman, Agnieszka"]
[Black "Prudnikova, Svetlana"]
[Result "0-1"]
[WhiteElo "2325"]
[BlackElo "2265"]
[EventDate "1990.06.??"]
[PlyCount "134"]

1.e4 c5 2.Nf3 Nc6 3.d4 cxd4 4.Nxd4 Nf6 5.Nc3 d6 6.Bg5 e6 7.Qd2 a6 8.O-O-O 
h6 9.Be3 Nxd4 10.Bxd4 b5 11.f4 Be7 12.Bd3 b4 13.Na4 Rb8 14.e5 Nd5 15.Be4 
O-O 16.Kb1 Bb7 17.Rhe1 Qa5 18.Bxd5 Bxd5 19.b3 Rfd8 20.Qf2 dxe5 21.fxe5 Bc6
22.Nb2 Bb5 23.Re4 Qc7 24.Rde1 a5 25.Rg4 Rd5 26.Qg3 Bf8 27.Qf4 Rc8 28.Rc1 
g6 29.Qf2 Bc5 30.Bxc5 Rxc5 31.Qd2 h5 32.Rd4 Rxe5 33.Nd3 Bxd3 34.Rxd3 Rf5 
35.h3 Qf4 36.Qd1 Rcc5 37.g4 hxg4 38.hxg4 Rfd5 39.Rxd5 Rxd5 40.Qh1 Qxg4 41.
Rg1 Qd4 42.Qh2 Kg7 43.Rf1 Rf5 44.Re1 Qf2 45.Qh1 e5 46.Qe4 Qc5 47.Qa8 Rg5 
48.Qh1 Rg4 49.Qh2 e4 50.Qe2 Qf5 51.Qe3 Rf4 52.Qd4+ Qf6 53.Qe3 g5 54.Qe2 
Qf5 55.a3 bxa3 56.Ka2 Rf2 57.Qc4 e3 58.Qc3+ Qf6 59.Rxe3 Qxc3 60.Rxc3 g4 
61.Kxa3 Rf5 62.Rg3 Rg5 63.c4 f5 64.c5 f4 65.Rc3 g3 66.c6 g2 67.c7 g1=Q 0-1

[Event "interzonal (w)"]
[Site "Azov URS"]
[Date "1990.??.??"]
[Round "17"]
[White "Burtman, Sharon"]
[Black "Galliamova, Alisa"]
[Result "0-1"]
[WhiteElo "2045"]
[BlackElo "2365"]
[EventDate "1990.06.??"]
[PlyCount "58"]

1.d4 Nf6 2.c4 e6 3.g3 d5 4.Bg2 dxc4 5.Nf3 a6 6.O-O Nc6 7.Nc3 Rb8 8.e4 Be7 
9.d5 exd5 10.exd5 Nb4 11.Ne5 Bf5 12.a3 Nd3 13.Nxc4 Nxc1 14.Rxc1 O-O 15.Ne3
Bg6 16.b4 Re8 17.Qb3 Nd7 18.Na4 Bd6 19.Rfd1 Qe7 20.Bh3 Ne5 21.Bg2 Bh5 22.
Rf1 Be2 23.Nf5 Qf6 24.Nxd6 cxd6 25.Nb6 Bxf1 26.Bxf1 Nf3+ 27.Kg2 Qh6 28.Qc3
Ne5 29.f4 Ng4 0-1